A creative life for your children. (Record no. 34400)

MARC details
000 -LEADER
fixed length control field 00913cam a22002411 4500
001 - CONTROL NUMBER
control field hew63000018
003 - CONTROL NUMBER IDENTIFIER
control field DLC
005 - DATE AND TIME OF LATEST TRANSACTION
control field 20260227111512.0
008 - FIXED-LENGTH DATA ELEMENTS--GENERAL INFORMATION
fixed length control field 761210s1962 dcua f000 0 eng c
010 ## - LIBRARY OF CONGRESS CONTROL NUMBER
LC control number hew63000018
035 ## - SYSTEM CONTROL NUMBER
System control number (OCoLC)2612278
040 ## - CATALOGING SOURCE
Original cataloging agency U.S. Dept. of Health, Education, and Welfare. Library
Transcribing agency NPotU
Modifying agency NPotU
-- OCoLC
-- DLC
042 ## - AUTHENTICATION CODE
Authentication code premarc
050 00 - LIBRARY OF CONGRESS CALL NUMBER
Classification number HQ768
Item number .U64 no. 1
086 0# - GOVERNMENT DOCUMENT CLASSIFICATION NUMBER
Classification number FS 3.224:1
100 1# - MAIN ENTRY--PERSONAL NAME
Personal name Mead, Margaret,
Dates associated with a name 1901-1978.
245 12 - TITLE STATEMENT
Title A creative life for your children.
260 ## - PUBLICATION, DISTRIBUTION, ETC.
Place of publication, distribution, etc. [Washington]
Name of publisher, distributor, etc. U.S. Dept. of Health, Education, and Welfare, Social Security Administration, Children's Bureau; [for sale by the Superintendent of Documents, U.S. Govt. Print. Off.]
Date of publication, distribution, etc. 1962.
300 ## - PHYSICAL DESCRIPTION
Extent 41 p.
Other physical details illus.
Dimensions 25 cm.
410 10 - SERIES STATEMENT/ADDED ENTRY--CORPORATE NAME [OBSOLETE, CAN/MARC], [LOCAL, USA]
Corporate name or jurisdiction name as entry element United States.
Subordinate unit Children's Bureau.
Title of a work Headliner series,
Volume number/sequential designation no. 1
650 #0 - SUBJECT ADDED ENTRY--TOPICAL TERM
Topical term or geographic name entry element Children
General subdivision Growth.
650 #0 - SUBJECT ADDED ENTRY--TOPICAL TERM
Topical term or geographic name entry element Child welfare
Geographic subdivision United States.

No items available.

Powered by Koha